Bardejov II. časť
| Main Author: | |
|---|---|
| Format: | Book |
| Language: | English |
| PhysicalDescription: | 5 s. |
| Published: |
Bratislava
Diafilm
1955
|
MARC
| LEADER | 00000nam a2200000 a 4500 | ||
|---|---|---|---|
| 001 | vtls008769688 | ||
| 003 | SK-MaSNL | ||
| 005 | 20260302075140.0 | ||
| 008 | 240318 xo 000 0 eng | ||
| 040 | |a SNK |b slo |c SNK |e AACR2 | ||
| 044 | |a xo |c SK | ||
| 100 | 1 | |a Kovačovičová, Blanka |4 aut |9 591903 | |
| 245 | 1 | 0 | |a Bardejov |n II. časť |
| 260 | |a Bratislava |b Diafilm |c 1955 | ||
| 300 | |a 5 s. | ||
| 999 | |c 1168098 |d 1170028 | ||
| 952 | |a SNK |b SNK |y PREZ |7 0 |p 17A0512014 |o snkSD 13983/2 |i snkKSP 2496/57 |3 rekatalogizácia |0 0 |1 0 |4 0 |d 2006-06-03 |l 0 |r 2025-11-27 00:00:00 |w 2026-02-24 | ||


